| 000 | 00697nam a22002417a 4500 | ||
|---|---|---|---|
| 003 | OSt | ||
| 005 | 20220107122839.0 | ||
| 008 | 180528b xxu||||| |||| 00| 0 eng d | ||
| 020 | _a9781118954980 | ||
| 040 | _cIIITMK | ||
| 082 | _a346.0484 FOK/D | ||
| 100 |
_aFok, Wendy W (Ed.) _914151 |
||
| 245 |
_aDigital property: _bOpen- source architecture _cWendy W Fok |
||
| 260 |
_aUSA, _bWiley, _c2016. |
||
| 300 | _a136p. | ||
| 650 |
_aDIGITAL PROPERTY _914152 |
||
| 650 |
_aINTELLECTUAL PROPERTY _914153 |
||
| 650 |
_aOPEN SOURCE ARCHITECTURE _914154 |
||
| 650 |
_aTHREE DIMENSIONAL PRINTING _914155 |
||
| 650 |
_aDIGITAL MEDIA _914156 |
||
| 700 |
_aPicon, Antoine (Ed.) _914157 |
||
| 942 |
_2ddc _cBK |
||
| 999 |
_c6078 _d6078 |
||